000 00480nam a22001817a 4500
005 20140703170154.0
010 _aENG-109855
020 _c100.00
035 _aEN-93388
037 _bDBAD/PUB
082 _a881
100 _aSio, Kewlian
245 0 0 _aBugged and other poems /
_cby Kewlian Sio
260 _aCalcatta
_bWriters Workshop
_c2010
270 _a162/92 Lake Gardens
_bCalcutta
_e700045
300 _a36p.
_c22cm(Hb)
942 _2ddc
_cEN
_mSIO
_h881
999 _c83990
_d83990